Mô phỏng hệ thống mạng dữ liệu AFDX áp dụng trong máy bay Airbus : Báo cáo tổng kết đề tài nghiên cứu khoa học cấp Trường

Đã lưu trong:
書目詳細資料
主要作者:  Ong, Mẫu Dũng
格式: 圖書
語言:Undetermined
出版:  Đại học Công nghiệp TP. Hồ Chí Minh  2025
主題:
標簽: 添加標簽
沒有標簽, 成為第一個標記此記錄!
Thư viện lưu trữ: Trung tâm Thư viện - Trường Đại học Công nghiệp TP. Hồ Chí Minh
LEADER 00768nam a2200157Ia 4500
001 IUH_2025_00547
008 251224s9999 xx 000 0 und d
082 |a  621.381 
100 |a  Ong, Mẫu Dũng 
245 0 |a  Mô phỏng hệ thống mạng dữ liệu AFDX áp dụng trong máy bay Airbus : Báo cáo tổng kết đề tài nghiên cứu khoa học cấp Trường 
245 0 |c  Ong, Mẫu Dũng 
260 |b  Đại học Công nghiệp TP. Hồ Chí Minh 
260 |c  2025 
650 |a  Công nghệ điện tử; Mạng AFDX (Avionics full-duplex switched ethernet);  
927 |a Đề tài khoa học 
980 |a Trung tâm Thư viện - Trường Đại học Công nghiệp TP. Hồ Chí Minh